书目信息 |
| 题名: |
计算几何
|
|
| 作者: | 王中辉 , 王明孝 , 闫浩文 编著 | |
| 分册: | ||
| 出版信息: | 北京 科学出版社 2012.11 |
|
| 页数: | 196页 | |
| 开本: | 26cm | |
| 丛书名: | 地理信息系统理论与应用丛书 | |
| 单 册: | ||
| 中图分类: | P236 , O18 | |
| 科图分类: | ||
| 主题词: | 计算几何--应用--空间测量--数据处理 | |
| 电子资源: | ||
| ISBN: | 978-7-03-036015-1 | |
| 000 | 01288oam2 2200313 45 | |
| 001 | 1359671171 | |
| 005 | 20130529085658.00 | |
| 010 | @a978-7-03-036015-1@dCNY59.00 | |
| 100 | @a20130513d2012 em y0chiy0121 ea | |
| 101 | 0 | @achi |
| 102 | @aCN@b110000 | |
| 105 | @aak a 000yy | |
| 106 | @ar | |
| 200 | 1 | @a计算几何@AJi Suan Ji He@e空间数据处理算法@EKong Jian Shu Ju Chu Li Suan Fa@f闫浩文, 王明孝, 王中辉编著@FYan Hao Wen , Wang Ming Xiao , Wang Zhong Hui Bian Zhu |
| 210 | @a北京@c科学出版社@d2012.11 | |
| 215 | @a196页@c图@d26cm | |
| 225 | 2 | @a地理信息系统理论与应用丛书 |
| 320 | @a有书目 | |
| 330 | @a本书首先介绍计算几何基元及算法, 然后依据计算几何在空问数据处理中的不同作用, 分别论述空间分析算法、空间查询算法、空间数据可视化算法、空间关系表达算法及地图自动综合算法。本书注重介绍算法的基本原理与具体的实现过程。其论述深入浅出、图文并茂, 便于读者理解与掌握。 | |
| 461 | 0 | @12001 @a地理信息系统理论与应用丛书 |
| 517 | 1 | @a空间数据处理算法@AKong Jian Shu Ju Chu Li Suan Fa |
| 606 | 0 | @a计算几何@x应用@x空间测量@x数据处理 |
| 690 | @aP236@v5 | |
| 690 | @aO18@v5 | |
| 701 | 0 | @a王中辉@AWang Zhong Hui@4编著 |
| 701 | 0 | @a王明孝@AWang Ming Xiao@4编著 |
| 701 | 0 | @a闫浩文@AYan Hao Wen@4编著 |
| 801 | @aCN@bTANGWEI@c20130522 | |
| 905 | @b0832914-19@dP236@e198@f6 | |
| 计算几何:空间数据处理算法/闫浩文, 王明孝, 王中辉编著.-北京:科学出版社,2012.11 |
| 196页:图;26cm.-(地理信息系统理论与应用丛书) |
| ISBN 978-7-03-036015-1:CNY59.00 |
| 本书首先介绍计算几何基元及算法, 然后依据计算几何在空问数据处理中的不同作用, 分别论述空间分析算法、空间查询算法、空间数据可视化算法、空间关系表达算法及地图自动综合算法。本书注重介绍算法的基本原理与具体的实现过程。其论述深入浅出、图文并茂, 便于读者理解与掌握。 |
| ● |
| 相关链接 |
|
|
|
|
正题名:计算几何
索取号:P236/198
 
预约/预借
| 序号 | 登录号 | 条形码 | 馆藏地/架位号 | 状态 | 备注 |
| 1 | 0832914 | 208329147 | 第二样本阅览室/ [索取号:P236/198] | 在馆 | |
| 2 | 0832915 | 208329156 | 密集书库-数信学院/ [索取号:P236/198] | 在馆 | |
| 3 | 0832916 | 208329165 | 第三借阅区/ [索取号:P236/198] | 在馆 | |
| 4 | 0832917 | 208329174 | 第三借阅区/ [索取号:P236/198] | 在馆 | |
| 5 | 0832918 | 208329183 | 第三借阅区/ [索取号:P236/198] | 在馆 | |
| 6 | 0832919 | 208329192 | 密集书库-数信学院/ [索取号:P236/198] | 在馆 |